Southville International School and Colleges
Your cart is empty.
  • Cart
  • Lists
    Public lists Eva Luna New books Lux_list list_1
    Your lists Log in to create your own lists
  • Log in to your account
  • Your cookies
  • Search history
Southville International School and Colleges
  • Advanced search
  • Recent comments
  • Most popular
  • Libraries

Log in to your account

Log in with GOOGLE


If you do not have an external account, but do have a local account, you can still log in:

  1. Home
  2. MARC view: Wacky comparisons :
Normal view MARC view ISBD view

Wacky comparisons : (Record no. 356265)

[ view plain ]
MARC details
000 -LEADER
fixed length control field 00916nam a2200313Ia 4500
008 - FIXED-LENGTH DATA ELEMENTS--GENERAL INFORMATION
fixed length control field 180313s9999 xx 000 0 und d
020 ## - INTERNATIONAL STANDARD BOOK NUMBER
International Standard Book Number 9789810949853
050 ## - LIBRARY OF CONGRESS CALL NUMBER
Item number ER W361 2014
100 ## - MAIN ENTRY--PERSONAL NAME
Personal name Weakland, Mark
245 ## - TITLE STATEMENT
Title Wacky comparisons :
245 ## - TITLE STATEMENT
Remainder of title wacky ways to compare size /
245 ## - TITLE STATEMENT
Statement of responsibility, etc by Mark Weakland, Jessica Gunderson ; illustrated by Keino Bolton, Bill Bolton & Igor Sinkovec.
260 ## - PUBLICATION, DISTRIBUTION, ETC. (IMPRINT)
Place of publication, distribution, etc New York, New York :
260 ## - PUBLICATION, DISTRIBUTION, ETC. (IMPRINT)
Name of publisher, distributor, etc Scholastic Inc.,
260 ## - PUBLICATION, DISTRIBUTION, ETC. (IMPRINT)
Date of publication, distribution, etc 2014
300 ## - PHYSICAL DESCRIPTION
Extent 32 pages :
300 ## - PHYSICAL DESCRIPTION
Other physical details colored illustrations ;
300 ## - PHYSICAL DESCRIPTION
Dimensions 27cm.
650 ## - SUBJECT ADDED ENTRY--TOPICAL TERM
Topical term or geographic name as entry element Measurement --
650 ## - SUBJECT ADDED ENTRY--TOPICAL TERM
Topical term or geographic name as entry element Size perception --
650 ## - SUBJECT ADDED ENTRY--TOPICAL TERM
Topical term or geographic name as entry element Weight (Physics) --
650 ## - SUBJECT ADDED ENTRY--TOPICAL TERM
General subdivision Juvenile fiction.
650 ## - SUBJECT ADDED ENTRY--TOPICAL TERM
General subdivision Juvenile fiction.
650 ## - SUBJECT ADDED ENTRY--TOPICAL TERM
General subdivision Measurement -- Juvenile literature.
700 ## - ADDED ENTRY--PERSONAL NAME
Personal name Bolton, Bill.
700 ## - ADDED ENTRY--PERSONAL NAME
Personal name Bolton, Keino.
700 ## - ADDED ENTRY--PERSONAL NAME
Personal name Gunderson, Jessica.
700 ## - ADDED ENTRY--PERSONAL NAME
Personal name Title.
Holdings
Withdrawn status Lost status Damaged status Home library Current library Shelving location Date acquired Cost, normal purchase price Total Checkouts Full call number Barcode Date last seen Price effective from Koha item type
      Stonyhurst Southville International School (Malarayat) Stonyhurst Southville International School (Malarayat)   03/13/2018 275.00   W361 2014 SSISM5501 03/13/2018 03/13/2018 Books

Wacky comparisons :

APA

Weakland M., Bolton B., Bolton K., Gunderson J. & Title.Wacky comparisons. New York, New York: .

Chicago

Weakland Mark, Bolton Bill, Bolton Keino, Gunderson Jessica and Title.Wacky comparisons. New York, New York: .

Harvard

Weakland M., Bolton B., Bolton K., Gunderson J. and Title.Wacky comparisons. New York, New York: .

MLA

Weakland Mark, Bolton Bill, Bolton Keino, Gunderson Jessica and Title.New York, New York: . .

  • Place hold
  • Print
  • Cite
  • Add to your cart (remove)
  • Save record
    BIBTEX Dublin Core MARCXML MARC (non-Unicode/MARC-8) MARC (Unicode/UTF-8) MARC (Unicode/UTF-8, Standard) MODS (XML) RIS
  • More searches
    Search for this title in:
    Other Libraries (WorldCat) Other Databases (Google Scholar) Online Stores (Bookfinder.com) Open Library (openlibrary.org)

Exporting to Dublin Core...

SOUTHVILLE LIBRARY

Southville International School and Colleges Library

1281 Tropical Ave. Cor. Luxembourg St., BF Homes International, Las Pinas City

Tel. No. 8256374 / 252358 Loc. 117/146

Powered by Koha